000 01892nam0a2200373 4500
001 RU\NLR\BIBL_A\022369196
005 20260420020752.0
010 _a978-5-00237-022-1
021 _aRU
_bКН-П-24-056681
_9КН-П-24-5652
035 _a(NLR Aleph) 022369196
090 _a13668827
_c13668827
100 _a20241031d2024 u y0rusy50 ca
101 0 _arus
102 _aRU
105 _ay j 000zy
181 0 _ai
_baxxe
182 0 _an
200 1 _aПсихологические аспекты работы и сопровождения семей с детьми с ОВЗ
_eучебно-методическое пособие
_fЕ. Н. Скрипачева, Р. Е. Барабанов
203 _aТекст
_bвизуальный
_cнепосредственный
210 _aМосква
_cURSS, ЛЕНАНД
_d2024
215 _a226 с.
_d21
300 _aНа 4-й с. обл. авт.: канд. психол. наук, доц. Е. Н. Скрипачева, канд. психол. наук, доц., проф. Р. Е. Барабанов
320 _aБиблиогр.: с. 215-226 (135 назв.)
606 1 _aСемьи с детьми-инвалидами
_jУчебно-методические пособия
_xСоциальная работа
_92243125
_3RU\NLR\AUTH\661345874
606 1 _aДети с ограниченными возможностями здоровья
_jУчебно-методические пособия
_xПедагогическая поддержка
_92524793
_3RU\NLR\AUTH\661495849
686 1 _aЧ430.122.1я7
686 1 _aС550.325.2я7
686 1 _aС550.473я7
700 1 _aСкрипачева
_bЕ. Н.
_gЕлена Николаевна
701 1 _aБарабанов
_bР. Е.
_gРодион Евгеньевич
942 _cBOOK
980 _aNB